Macroeconomía Versión para Latinoamérica / (Registro nro. 13)

000 -CABECERA
Longitud fija campo de control 00557nam a22001937a 4500
003 - IDENTIFICADOR DELl NÚMERO DE CONTROL
Identificador del número de control OSt
005 - FECHA Y HORA DE LA ÚLTIMA TRANSACCIÓN
Fecha y hora de la última transacción 20220524082340.0
008 - CÓDIGOS DE INFORMACIÓN DE LONGITUD FIJA
Códigos de información de longitud fija 030206s2002 ck 000 0 spa d
020 ## - NÚMERO INTERNACIONAL NORMALIZADO PARA LIBROS
Número Internacional Normalizado para Libros (ISBN) 9789702607175
040 ## - FUENTE DE LA CATALOGACIÓN
Centro transcriptor OSt
082 04 - NÚMERO DE LA CLASIFICACIÓN DECIMAL DEWEY
Número de clasificación Decimal 339
Número de documento (Cutter) P375
Número de edición DEWEY 21
100 1# - PUNTO DE ACCESO PRINCIPAL-NOMBRE DE PERSONA
Nombre de persona Parkin, Michael
9 (RLIN) 919
245 00 - TÍTULO PROPIAMENTE DICHO
Título Macroeconomía Versión para Latinoamérica /
Mención de responsabilidad, etc. Michael Parkin; Gerardo Esquivel; Mercedes Muñoz.
250 ## - MENCIÓN DE EDICIÓN
Mención de edición 7 ed.
260 ## - PUBLICACIÓN, DISTRIBUCIÓN, ETC. (PIE DE IMPRENTA)
Lugar de publicación, distribución, etc. México :
Nombre del editor, distribuidor, etc. Pearson,
Fecha de publicación, distribución, etc. 2007.
300 ## - DESCRIPCIÓN FÍSICA
Extensión 502 p.
650 04 - PUNTO DE ACCESO ADICIONAL DE MATERIA - TÉRMINO DE MATERIA
Fuente del encabezamiento o término LEMB
Subdivisión de materia general ADMINISTRACIÓN Y ECONOMÍA
9 (RLIN) 1580
942 ## - ENTRADA DE ELEMENTOS AGREGADOS (KOHA)
Fuente de clasificaión o esquema
Koha [por defecto] tipo de item Libro
Existencias
No para préstamo Fecha de Descarte Fecha última consulta Tipo de Descarte Código de barras Asignatura Disponibilidad Localización permanente Fecha adquisición Signatura completa Renovaciones totales Fecha último préstamo Mostrar en OPAC Préstamos totales Número de copia Localización en estanterías Forma de Material Restricciones de uso Localización actual Fuente de clasificación o esquema
NULL2013-04-122013-04-12NULL01974USAPNULLBiblioteca Central 2013-04-12339 P375 7ed  NULL Ej. 1Fondo GeneralColección GeneralNULLBiblioteca Central  
NULL2013-04-122018-11-30NULL01975USAPNULLBiblioteca Central 2013-04-12339 P375 7ed12018-11-27NULL3Ej. 2Fondo GeneralColección GeneralNULLBiblioteca Central  
NULL2013-04-122018-11-29NULL01976USAPNULLBiblioteca Central 2013-04-12339 P375 7ed32018-11-22NULL2Ej. 3Fondo GeneralColección GeneralNULLBiblioteca Central  
NULL2013-04-122018-11-26NULL01977USAPNULLBiblioteca Central 2013-04-12339 P375 7ed32018-11-20NULL3Ej. 4Fondo GeneralColección GeneralNULLBiblioteca Central  

Campus Universitario - Ave. Circunvalación - San Pedro Sula, Honduras, C.A. / Tel: +504 2561.8777 / Fax: +504 2561.8787 / Email: info@usap.edu
Todos los Derechos Reservados. © MMXIII Universidad de San Pedro Sula